Fifa 22 Top 25 Argentina Players - Statistics

General Stats
  • This quiz has been taken 249 times
  • The average score is 15 of 25
Answer Stats
Rating Club Player % Correct
93 PSG Lionel Messi
100%
87 PSG Angel Di Maria
94%
85 Inter Milan Lautaro Martinez
90%
84 Aston Villa Emiliano Martinez
89%
87 Piemonte Calcio Paulo Dybala
89%
87 FC Barcelona Sergio Aguero
76%
82 Tottenham Hotspur Cristian Romero
71%
82 Atletico Madrid Rodrigo De Paul
70%
81 Inter Miami CF Gonzalo Higuain
66%
84 Sevilla FC Marcos Acuna
66%
83 Atletico Madrid Angel Correa
64%
81 Inter Milan Joaquin Correa
64%
81 PSG Leandro Paredes
63%
81 SL Benfica Nicolas Otamendi
62%
82 Ajax Nicolas Tagliafico
61%
81 Tottenham Hotspur Giovani Lo Celso
59%
83 PSG Mauro Icardi
56%
83 Sevilla FC Lucas Ocampos
49%
82 Al-Shabab Ever Banega
43%
80 River Plate Franco Armani
29%
81 Bergamo Calcio Juan Musso
27%
80 River Plate Enzo Perez
22%
80 Udinese Roberto Pereyra
19%
81 FC Porto Agustin Marchesin
18%
80 Boca Juniors Eduardo Salvio
12%
No matching quizzes found
Score Distribution
Percent of People with Each Score
Percentile by Number Answered
Your Score History
You have not taken this quiz